Statistics for Billy Slater Quiz

Click here to take the quiz!

General Stats

  • This quiz has been taken 7 times
  • The average score is 8 of 15

Answer Stats

HintAnswer% Correct
What position did he play?Fullback
100%
How many times did he win the Dally M player of the year medal?1
67%
His Birthday?18th June
67%
How many kids does he have?2
67%
How many times did he win the Dally M fullback of the year medal?3
67%
How many premierships did he win?4
67%
How tall is he (in feet)?5ft 8
67%
Who did he play for in State of Origin?QLD
67%
Who did he play for?Storm
67%
How many tries did he score?190
33%
Which year did he play his last season?2019
33%
How many appearances did he make for them?31
33%
What are their names?Jake Tyla
33%
What is his wifes name?Nicole
33%
What region in Queensland is he from?Sunshine Coast
33%

Score Distribution

Percentile by Number Answered

Percent of People with Each Score

Your Score History

You have not taken this quiz